Bordering Countries with the Smallest GDPs - Statistics

General Stats
  • This quiz has been taken 287 times
  • The average score is 20 of 27
Answer Stats
Country % Correct
Chad
87%
Republic of the Congo
87%
South Sudan
87%
Central African Republic
85%
Guinea
83%
Somalia
83%
Rwanda
81%
Burundi
80%
Djibouti
80%
Liberia
80%
Eritrea
79%
Sierra Leone
79%
Guinea-Bissau
78%
Senegal
76%
Togo
75%
Benin
72%
Kosovo
69%
Albania
68%
Montenegro
68%
North Macedonia
67%
Bosnia and Herzegovina
65%
Mozambique
64%
Eswatini
61%
Guyana
54%
Suriname
54%
Tajikistan
51%
Kyrgyzstan
50%
No matching quizzes found
Score Distribution
Percent of People with Each Score
Percentile by Number Answered
Your Score History
You have not taken this quiz